Escoles d'altres mons /
Descripción Física:
10 pàgines : il·lustracions ; 21 cm
Idioma:
Catalán
MARC
| LEADER | 00000nam a2200000Ia 4500 | ||
|---|---|---|---|
| 001 | 25547 | ||
| 008 | 220517b spa||||| |||| 00| 0 cat d | ||
| 017 | |a DL B 7924-2018 | ||
| 080 | |a FU-69-34 | ||
| 100 | |a Manresa, Kim |9 48843 | ||
| 245 | |a Escoles d'altres mons / |c fotografies de Kim Manresa | ||
| 260 | |a Barcelona : |b Diputació de Barcelona. Gerència de Serveis d'Educació, |c 2018 | ||
| 300 | |a 10 pàgines : |b il·lustracions ; |c 21 cm | ||
| 650 | 0 | |a Escoles primàries |9 52921 | |
| 650 | 0 | |a Escoles primàries |v Exposicions | |
| 710 | |a Barcelona (Catalunya : Província). |b Gerència de Serveis d'Educació |9 52167 | ||
| 901 | |a Arxiu | ||
| 942 | |n 1 |2 udc |c ARXIU | ||
| 952 | |0 0 |1 0 |4 0 |6 FU6934 |7 1 |9 61765 |a Arxiu |b Arxiu |d 2022-05-17 |l 0 |o FU-69-34 |p 25547 |r 2022-05-17 00:00:00 |w 2022-05-17 |y ARXIU | ||
| 999 | |c 81620 |d 81620 | ||